Talk sense to yourself : a guide to cognitive restructuring therapy /

Bibliographic Details
Main Author: McMullin, Rian E.
Other Authors: Casey, Bill, 1950-
Format: Book
Language:English
Published: Lakewood, Colorado : Counseling Research Institute, [1975]
Subjects:

MARC

Tag First Indicator Second Indicator Subfields
LEADER 00000cam a2200000 a 4500
001 in00000074626
005 20151008053613.0
008 770915s1975 coua b 00010 engmd
035 |a (OCoLC)03265547 
035 |9 AAH7989AM 
040 |a IUP  |c IUP  |d TXA  |d UtOrBLW 
049 |a TXAM  |c [1116272] 
090 |a RC489.R3  |b M22 
100 1 |a McMullin, Rian E. 
245 1 0 |a Talk sense to yourself :  |b a guide to cognitive restructuring therapy /  |c by Rian E. McMullin and Bill Casey. 
264 1 |a Lakewood, Colorado :  |b Counseling Research Institute,  |c [1975] 
264 4 |c ©1975 
300 |a 57 pages :  |b illustrations ;  |c 22 cm. 
336 |a text  |b txt  |2 rdacontent 
337 |a unmediated  |b n  |2 rdamedia 
338 |a volume  |b nc  |2 rdacarrier 
504 |a Bibliography: pages 56-57. 
650 0 |a Rational emotive behavior therapy. 
650 0 |a Behavior therapy. 
700 1 |a Casey, Bill,  |d 1950- 
740 2 |a A guide to cognitive restructuring therapy. 
999 |a MARS 
999 f f |s 6edd65e1-5585-37f6-a91d-aa0c178b0cbd  |i 2780ec31-709c-3d7e-a51f-3d5f15bbcc41  |t 0 
952 f f |p ric  |a Texas A&M University  |b Rellis Campus  |c Joint Library Facility  |d Remote Storage  |t 0  |e RC489.R3 M22  |h Library of Congress classification  |i unmediated -- volume  |m A14806230228 
998 f f |a RC489.R3 M22  |t 0  |l Remote Storage